MARC-Details
| 000 -LEADER |
| fixed length control field |
03596nam a22008418c 4500 |
| 001 - CONTROL NUMBER |
| control field |
1362787213 |
| 003 - CONTROL NUMBER IDENTIFIER |
| control field |
DE-101 |
| 005 - DATE AND TIME OF LATEST TRANSACTION |
| control field |
20251227124738.0 |
| 007 - PHYSICAL DESCRIPTION FIXED FIELD--GENERAL INFORMATION |
| fixed length control field |
tu |
| 008 - FIXED-LENGTH DATA ELEMENTS--GENERAL INFORMATION |
| fixed length control field |
250410s2026 gw ||||| |||| 00||||ger |
| 015 ## - NATIONAL BIBLIOGRAPHY NUMBER |
| National bibliography number |
25,N16 |
| Source |
dnb |
| 016 7# - NATIONAL BIBLIOGRAPHIC AGENCY CONTROL NUMBER |
| Source |
DE-101 |
| Record control number |
1362787213 |
| 020 ## - INTERNATIONAL STANDARD BOOK NUMBER |
| International Standard Book Number |
9783551804952 |
| Terms of availability |
Broschur : EUR 7.00 (DE), EUR 7.20 (AT), CHF 10.50 (freier Preis) |
| 020 ## - INTERNATIONAL STANDARD BOOK NUMBER |
| International Standard Book Number |
3551804958 |
| 024 3# - OTHER STANDARD IDENTIFIER |
| Standard number or code |
9783551804952 |
| 035 ## - SYSTEM CONTROL NUMBER |
| System control number |
(DE-599)DNB1362787213 |
| 035 ## - SYSTEM CONTROL NUMBER |
| System control number |
(OCoLC)1514999827 |
| 040 ## - CATALOGING SOURCE |
| Original cataloging agency |
1245 |
| Language of cataloging |
ger |
| Transcribing agency |
DE-101 |
| Modifying agency |
1140 |
| 041 ## - LANGUAGE CODE |
| Language code of text/sound track or separate title |
ger |
| Language code of original |
jpn |
| 044 ## - COUNTRY OF PUBLISHING/PRODUCING ENTITY CODE |
| ISO country code |
XA-DE-HH |
| 082 74 - DEWEY DECIMAL CLASSIFICATION NUMBER |
| Field link and sequence number |
4\p |
| Classification number |
741.5 |
| Assigning agency |
DE-101 |
| Edition number |
23sdnb |
| 100 1# - MAIN ENTRY--PERSONAL NAME |
| Field link and sequence number |
1\p |
| Authority record control number or standard number |
(DE-588)128519320 |
| -- |
https://d-nb.info/gnd/128519320 |
| -- |
(DE-101)128519320 |
| -- |
(isni)000000008362488X |
| Personal name |
Oda, Eiichirō |
| Dates associated with a name |
1975- |
| Relator term |
Verfasser |
| Relationship |
aut |
| Source of heading or term |
gnd |
| 240 10 - UNIFORM TITLE |
| Uniform title |
One Piece |
| 245 10 - TITLE STATEMENT |
| Title |
One Piece 110 |
| Statement of responsibility, etc. |
Eiichiro Oda |
| 250 ## - EDITION STATEMENT |
| Edition statement |
1. Auflage |
| 264 #1 - PRODUCTION, PUBLICATION, DISTRIBUTION, MANUFACTURE, AND COPYRIGHT NOTICE |
| Name of producer, publisher, distributor, manufacturer |
Carlsen Manga |
| Date of production, publication, distribution, manufacture, or copyright notice |
2026 |
| 264 #1 - PRODUCTION, PUBLICATION, DISTRIBUTION, MANUFACTURE, AND COPYRIGHT NOTICE |
| Place of production, publication, distribution, manufacture |
Hamburg |
| Name of producer, publisher, distributor, manufacturer |
Carlsen |
| Date of production, publication, distribution, manufacture, or copyright notice |
2026 |
| 300 ## - PHYSICAL DESCRIPTION |
| Extent |
208 Seiten |
| Other physical details |
Mit Schwarz-Weiß-Zeichnungen |
| Dimensions |
17.5 cm, 158 g |
| 336 ## - CONTENT TYPE |
| Content type term |
unbewegtes Bild |
| Content type code |
sti |
| Source |
rdacontent |
| 337 ## - MEDIA TYPE |
| Media type term |
ohne Hilfsmittel zu benutzen |
| Media type code |
n |
| Source |
rdamedia |
| 338 ## - CARRIER TYPE |
| Carrier type term |
Band |
| Carrier type code |
nc |
| Source |
rdacarrier |
| 490 1# - SERIES STATEMENT |
| Series statement |
One Piece |
| Volume/sequential designation |
110 |
| 653 ## - INDEX TERM--UNCONTROLLED |
| Uncontrolled term |
(Produktform)Paperback / softback |
| 653 ## - INDEX TERM--UNCONTROLLED |
| Uncontrolled term |
(Produktform (spezifisch))Pocket-sized |
| 653 ## - INDEX TERM--UNCONTROLLED |
| Uncontrolled term |
(Produktform (spezifisch))Unflipped manga format |
| 653 ## - INDEX TERM--UNCONTROLLED |
| Uncontrolled term |
(Zielgruppe)ab 10 bis 99 Jahre |
| 653 ## - INDEX TERM--UNCONTROLLED |
| Uncontrolled term |
(BISAC Subject Heading)CGN004050: COMICS & GRAPHIC NOVELS / Manga / General |
| 653 ## - INDEX TERM--UNCONTROLLED |
| Uncontrolled term |
(VLB-WN)2182: Taschenbuch / Belletristik/Comic, Cartoon, Humor, Satire/Manga, Manhwa |
| 653 ## - INDEX TERM--UNCONTROLLED |
| Uncontrolled term |
(BISAC Subject Heading)CGN018000: COMICS & GRAPHIC NOVELS / Action & Adventure |
| 653 ## - INDEX TERM--UNCONTROLLED |
| Uncontrolled term |
(BISAC Subject Heading)CGN004080: COMICS & GRAPHIC NOVELS / Superheroes (see also FICTION / Superheroes) |
| 653 ## - INDEX TERM--UNCONTROLLED |
| Uncontrolled term |
(BISAC Subject Heading)CGN004060: COMICS & GRAPHIC NOVELS / Media Tie-In |
| 653 ## - INDEX TERM--UNCONTROLLED |
| Uncontrolled term |
Piraten |
| 653 ## - INDEX TERM--UNCONTROLLED |
| Uncontrolled term |
Superkräfte |
| 653 ## - INDEX TERM--UNCONTROLLED |
| Uncontrolled term |
Schatzsuche |
| 653 ## - INDEX TERM--UNCONTROLLED |
| Uncontrolled term |
Manga |
| 653 ## - INDEX TERM--UNCONTROLLED |
| Uncontrolled term |
Eiichiro Oda |
| 653 ## - INDEX TERM--UNCONTROLLED |
| Uncontrolled term |
Japan |
| 653 ## - INDEX TERM--UNCONTROLLED |
| Uncontrolled term |
Shonen |
| 653 ## - INDEX TERM--UNCONTROLLED |
| Uncontrolled term |
Bestseller |
| 653 ## - INDEX TERM--UNCONTROLLED |
| Uncontrolled term |
Luffy |
| 653 ## - INDEX TERM--UNCONTROLLED |
| Uncontrolled term |
Japanische Leserichtung |
| 653 ## - INDEX TERM--UNCONTROLLED |
| Uncontrolled term |
Anime |
| 653 ## - INDEX TERM--UNCONTROLLED |
| Uncontrolled term |
Netflix |
| 653 ## - INDEX TERM--UNCONTROLLED |
| Uncontrolled term |
Zorro |
| 653 ## - INDEX TERM--UNCONTROLLED |
| Uncontrolled term |
Buggy |
| 653 ## - INDEX TERM--UNCONTROLLED |
| Uncontrolled term |
Meer |
| 653 ## - INDEX TERM--UNCONTROLLED |
| Uncontrolled term |
Fische |
| 653 ## - INDEX TERM--UNCONTROLLED |
| Uncontrolled term |
Gummi |
| 653 ## - INDEX TERM--UNCONTROLLED |
| Uncontrolled term |
(BISAC Subject Heading)CGN004050 |
| 653 ## - INDEX TERM--UNCONTROLLED |
| Uncontrolled term |
(BISAC Subject Heading)CGN018000 |
| 700 1# - ADDED ENTRY--PERSONAL NAME |
| Field link and sequence number |
2\p |
| Authority record control number or standard number |
(DE-588)1025682602 |
| -- |
https://d-nb.info/gnd/1025682602 |
| -- |
(DE-101)1025682602 |
| -- |
(isni)0000000444809047 |
| Personal name |
Bockel, Antje |
| Relator term |
Übersetzer |
| Relationship |
trl |
| Source of heading or term |
gnd |
| 710 2# - ADDED ENTRY--CORPORATE NAME |
| Field link and sequence number |
3\p |
| Authority record control number or standard number |
(DE-588)2036434-9 |
| -- |
https://d-nb.info/gnd/2036434-9 |
| -- |
(DE-101)00492004X |
| Corporate name or jurisdiction name as entry element |
Carlsen Verlag |
| Relator term |
Verlag |
| Relationship |
pbl |
| Source of heading or term |
gnd |
| 776 08 - ADDITIONAL PHYSICAL FORM ENTRY |
| Relationship information |
Erscheint auch als |
| Note |
Online-Ausgabe |
| Main entry heading |
Oda, Eiichirō, 1975- |
| Title |
One Piece 110 |
| Place, publisher, and date of publication |
Hamburg : Carlsen Manga, 2025 |
| Physical description |
Online-Ressource, 208 Seiten, Mit Schwarz-Weiß-Zeichnungen |
| Record control number |
(DE-101)1383430357 |
| Edition |
1. Auflage |
| 830 #0 - SERIES ADDED ENTRY--UNIFORM TITLE |
| Uniform title |
One Piece |
| Volume/sequential designation |
110 |
| 856 42 - ELECTRONIC LOCATION AND ACCESS |
| Contact for access assistance |
X:MVB |
| Electronic format type |
text/html |
| Uniform Resource Identifier |
<a href="https://deposit.dnb.de/cgi-bin/dokserv?id=e963ec8a15174a34978115f7c4ba543d">https://deposit.dnb.de/cgi-bin/dokserv?id=e963ec8a15174a34978115f7c4ba543d</a> |
| Materials specified |
Inhaltstext |
| 856 42 - ELECTRONIC LOCATION AND ACCESS |
| Contact for access assistance |
X:MVB |
| Electronic format type |
text/html |
| Uniform Resource Identifier |
<a href="http://www.carlsen.de">http://www.carlsen.de</a> |
| Materials specified |
Inhaltstext |
| 856 42 - ELECTRONIC LOCATION AND ACCESS |
| Contact for access assistance |
B:DE-101 |
| Electronic format type |
application/pdf |
| Uniform Resource Identifier |
<a href="https://d-nb.info/1362787213/04">https://d-nb.info/1362787213/04</a> |
| Materials specified |
Inhaltsverzeichnis |
| 883 1# - METADATA PROVENANCE |
| Field link and sequence number |
1\p |
| Creation process |
vlb |
| Creation date |
20250410 |
| Assigning or generating agency |
DE-101 |
| Uniform Resource Identifier |
https://d-nb.info/provenance/plan#vlb |
| 883 1# - METADATA PROVENANCE |
| Field link and sequence number |
2\p |
| Creation process |
vlb |
| Creation date |
20250410 |
| Assigning or generating agency |
DE-101 |
| Uniform Resource Identifier |
https://d-nb.info/provenance/plan#vlb |
| 883 1# - METADATA PROVENANCE |
| Field link and sequence number |
3\p |
| Creation process |
adb |
| Creation date |
20250410 |
| Assigning or generating agency |
DE-101 |
| Uniform Resource Identifier |
https://d-nb.info/provenance/plan#adb |
| 883 1# - METADATA PROVENANCE |
| Field link and sequence number |
4\p |
| Creation process |
vlb |
| Creation date |
20250410 |
| Assigning or generating agency |
DE-101 |
| Uniform Resource Identifier |
https://d-nb.info/provenance/plan#vlb |
| 942 ## - ADDED ENTRY ELEMENTS (KOHA) |
| Source of classification or shelving scheme |
Dewey Decimal Classification |
| Koha item type |
Manga |
| Suppress in OPAC |
No |